Процессы и аппараты химической технологии. Гидравлические процессы: учебное пособие

গ্রন্থ-পঞ্জীর বিবরন
প্রধান লেখক: Ульянов Б. А. Борис Александрович
অন্যান্য লেখক: Щелкунов Б. И. Борис Игоревич
ভাষা:রুশ
প্রকাশিত: Иркутск, Изд-во Иркутского ун-та, 1996
বিষয়গুলি:
বিন্যাস: গ্রন্থ
KOHA link:https://koha.lib.tpu.ru/cgi-bin/koha/opac-detail.pl?biblionumber=5752

MARC

LEADER 00000nam0a2200000 4500
001 5752
005 20231101204436.0
010 |a 5743005591 
035 |a (RuTPU)RU\TPU\book\5780 
035 |a BOOK00005832 
090 |a 5752 
100 |a 20011209d1996 m y0rusy50 ca 
101 0 |a rus 
102 |a RU 
105 |a a j 000zy 
200 1 |a Процессы и аппараты химической технологии. Гидравлические процессы  |e учебное пособие  |f Б. А. Ульянов, Б. И. Щелкунов 
210 |a Иркутск  |c Изд-во Иркутского ун-та  |d 1996 
215 |a 220 с.  |c ил. 
606 1 |a Химические процессы и установки в целом  |2 stltpush  |3 (RuTPU)RU\TPU\subj\72033  |9 85649 
610 1 |a химическая технология 
610 1 |a гидравлика 
610 1 |a химические аппараты 
610 1 |a практические пособия 
610 1 |a учебные пособия 
675 |a 66.02(076.5)  |v 3 
700 1 |a Ульянов  |b Б. А.  |g Борис Александрович 
701 1 |a Щелкунов  |b Б. И.  |g Борис Игоревич 
801 0 |a RU  |b 63413507  |c 20011209  |g PSBO 
801 2 |a RU  |b 63413507  |c 20201021  |g PSBO 
942 |c BK